| 000 | 00410nam a22001697a 4500 | ||
|---|---|---|---|
| 003 | MACL | ||
| 005 | 20160116130712.0 | ||
| 008 | 160116b xxu||||| |||| 00| 0 eng d | ||
| 040 | _cMACL | ||
| 041 | _aEnglish | ||
| 082 | _a370/PAN | ||
| 100 |
_aPandey Janak _932824 |
||
| 245 | _aDialogue For Development | ||
| 260 |
_aNew Delhi _bConcept Publication _c201 |
||
| 650 |
_aEducations _932508 |
||
| 942 |
_2ddc _cBK |
||
| 999 |
_c52594 _d52594 |
||